000 00592nam a2200217Ia 4500
005 20260629163254.0
008 260629s9999||||xx |||||||||||||| ||und||
020 _a9789382618348
_qpbk
082 _a823.92
_bTRI
100 _aTripathi, Amish
245 4 _aThe oath of the Vayuputras
250 _arep. 2018
260 _aChennai
_bWestland Publications
_c2013
300 _axxiii, 575p. ; 19cm.
490 _aShiva trilogy ; Book 3
653 _aGood and evil
653 _aImaginary wars and battles
653 _aMythology, Indic
653 _aSiva (Hindu deity)
942 _cBK
999 _c57289
_d57289